Food 7-to-1 Quiz Stats

 Plays Quiz Updated Sep 6, 2017

Challenge
Share
Tweet
Embed
Score 0/28 Timer 03:00
27 Plays Today
% Correct
sourdough
95.9%
ciabatta
95.9%
spaghetti
93.7%
linguine
92.2%
penne
92.2%
pumpernickel
91%
omelette
90.8%
minestrone
90.5%
ravioli
90.3%
focaccia
89.7%
vinaigrette
89.2%
naan
88.3%
gazpacho
87.5%
coleslaw
86.4%
% Correct
fusilli
84.6%
angel food
82.1%
vermicelli
81.7%
Caesar
80.3%
borscht
78.8%
aioli
77.8%
phở
74.9%
chapati
62.4%
cock-a-leekie
61.7%
spekkoek
60.7%
genoise
52.2%
lamington
49.7%
bannock
48.4%
larb
25.9%

You're not logged in!

Compare scores with friends on all Sporcle quizzes.
Join for Free
OR
Log In

You Might Also Like...

Show Comments

Extras

Top Quizzes Today


Score Distribution

Your Account Isn't Verified!

In order to create a playlist on Sporcle, you need to verify the email address you used during registration. Go to your Sporcle Settings to finish the process.

Report this User

Report this user for behavior that violates our Community Guidelines.

Details: